Η αρραβωνιαστικιά του Αχιλλέα

Αποθηκεύτηκε σε:
Λεπτομέρειες βιβλιογραφικής εγγραφής
Κύριος συγγραφέας: Ζέη, Άλκη, 1925-2020
Μορφή: Βιβλίο
Γλώσσα:Greek
Δημοσίευση: Αθήνα : Κέδρος, 1987.
Έκδοση:19η εκδ.
Θέματα:
Ετικέτες: Προσθήκη ετικέτας
Δεν υπάρχουν, Καταχωρήστε ετικέτα πρώτοι!

MARC

LEADER 00000cam a2200000 i 4500
001 1/46476
008 941103s1987 gr | ||| |||| ||gre||
035 |a 1991  |l 10042806 
040 |a GR-MyUA  |b gre  |e AACR2 
041 0 |a gre 
082 0 |a 889.3 
100 1 |a Ζέη, Άλκη,   |d 1925-2020. 
245 1 2 |a Η αρραβωνιαστικιά του Αχιλλέα /   |c Αλκη Ζέη.  
250 |a 19η εκδ.  
260 |a Αθήνα :   |b Κέδρος,   |c 1987.  
300 |a 347 σ. ;   |c 22 εκ.  
650 0 0 |a Greek fiction. 
852 |a INST  |b SAMOS  |e 19941103  |h 889.3 ΖΕΗ  |p 005300000139  |q 005300000139  |t BK  |y 0 
909 |a Σ  |b 019204